Fr. Conceicao Rodrigues College of Engineering

Principles of biomedical instrumentation and measurement (Record no. 34269)

MARC details
000 -LEADER
fixed length control field 00349nam a2200145Ia 4500
082 ## - DEWEY DECIMAL CLASSIFICATION NUMBER
Classification number 610.28
Item number AST
100 ## - MAIN ENTRY--PERSONAL NAME
Personal name Aston/Richard
245 ## - TITLE STATEMENT
Title Principles of biomedical instrumentation and measurement
260 ## - PUBLICATION, DISTRIBUTION, ETC.
Name of publisher, distributor, etc. Maxwell Macmillan
Date of publication, distribution, etc. 1990
300 ## - PHYSICAL DESCRIPTION
Extent 558
546 ## - LANGUAGE NOTE
Language note ENGLISH
-- TTL
650 ## - SUBJECT ADDED ENTRY--TOPICAL TERM
Topical term or geographic name entry element Biomedical
654 ## - SUBJECT ADDED ENTRY--FACETED TOPICAL TERMS
Focus term biomedical
942 ## - ADDED ENTRY ELEMENTS (KOHA)
Koha item type Reference Book
Holdings
Withdrawn status Lost status Damaged status Not for loan Collection Home library Current library Date acquired Source of acquisition Cost, normal purchase price Inventory number Total Checkouts Full call number Barcode Date last seen Cost, replacement price Price effective from Koha item type
        CRC Fr. Agnel's C.Rodrigues College of Engineering Fr. Agnel's C.Rodrigues College of Engineering 17/03/2023 Dharma Enterprises 5894.70 2534 dt 28/07/2010   610.28 AST 20714 17/03/2023 5894.70   Reference Book